000 00405nam a2200157Ia 4500
008 210210b2004 xxu||||| |||| 00| 0 eng d
020 _a81 242 0404 7
082 _a658.404 BOYH
100 _aBOYCE (Tim).
245 _aHandbook of risk management.
260 _aND
_bCrest publishing house
_c2004
300 _ax,182
650 _aRisk management
690 _aExecutive Management
906 _a059612
999 _c106481
_d106481